[Event "Winnipeg Gr-D GP final"]
[Site "Winnipeg"]
[Date "2004.11.16"]
[Round "3"]
[White "Liebzeit, Mick"]
[Black "Anderson, George"]
[Result "1-0"]
[WhiteElo "1565"]
[BlackElo "1411"]
[PlyCount "71"]
[EventDate "2004.12.??"]
[EventType "tourn"]
[EventRounds "6"]
[EventCountry "CAN"]
[SourceTitle "EXT 2006"]
[Source "ChessBase"]
[SourceDate "2005.11.24"]
[SourceVersion "1"]
[SourceVersionDate "2005.11.24"]
[SourceQuality "1"]

1. e4 e6 2. d4 d5 3. exd5 exd5 4. c4 dxc4 5. Bxc4 Qe7+ 6. Ne2 Qb4+ 7. Nd2 Bd6 8. 0-0 Nf6 9. Ng3 0-0 10. Qc2 Be6 11. Bxe6 fxe6 12. Nf3 Nc6 13. Bd2 Nxd4 14. Nxd4 Qxd4 15. Bc3 Qg4 16. Qb3 b6 17. Rae1 Nd5 18. Re4 Qg6 19. Rfe1 Nxc3 20. bxc3 Bxg3 21. hxg3 Qf7 22. f3 c5 23. Rf4 Qd7 24. Rxe6 Kh8 25. Rh4 Rad8 26. Kh2 Qd5 27. Qc2 Qd3 28. Qc1 Qd2 29. Qb1 Qd3 30. Qe1 Qc2 31. Re2 Rd1 32. Re8 Rd8 33. Rxd8 Rxd8 34. Qe7 Rg8 35. Qf7 Qxc3 36. Rxh7+ 1-0

[Event "Winnipeg Remembrance op"]
[Site "Winnipeg"]
[Date "2004.11.14"]
[Round "5"]
[White "Gibbons, Lorne"]
[Black "Anderson, George"]
[Result "1-0"]
[WhiteElo "1280"]
[BlackElo "1411"]
[PlyCount "103"]
[EventDate "2004.11.12"]
[EventType "swiss"]
[EventRounds "5"]
[EventCountry "CAN"]
[SourceTitle "EXT 2006"]
[Source "ChessBase"]
[SourceDate "2005.11.24"]
[SourceVersion "1"]
[SourceVersionDate "2005.11.24"]
[SourceQuality "1"]

1. d4 e6 2. c4 Nf6 3. Nc3 g6 4. Bf4 Bg7 5. Nf3 Nc6 6. e3 d6 7. Be2 Bd7 8. Qc2 Nh5 9. Bg3 Nxg3 10. hxg3 e5 11. d5 Ne7 12. 0-0 Bg4 13. e4 h5 14. Nh2 Qd7 15. Qd1 Bxe2 16. Qxe2 h4 17. Qg4 Qxg4 18. Nxg4 f5 19. exf5 gxf5 20. Ne3 0-0-0 21. g4 f4 22. Nc2 h3 23. f3 hxg2 24. Kxg2 Rh7 25. Rh1 Rdh8 26. Ne4 Ng6 27. Ng5 Nh4+ 28. Kf2 Rh6 29. Nf7 e4 30. Nxh8 e3+ 31. Ke2 Bxh8 32. Rab1 Bf6 33. b3 Rh8 34. Rbg1 Bg5 35. Nd4 Re8 36. Ne6 Be7 37. g5 Ng6 38. Rh7 c6 39. Rf7 Rh8 40. Nxf4 Nxf4+ 41. Rxf4 Rh2+ 42. Kxe3 Rxa2 43. Kd3 b5 44. dxc6 b4 45. Rf7 Bd8 46. Rb7 Bb6 47. Re1 Rb2 48. Re8+ Bd8 49. Rxb4 Rg2 50. Rb7 a6 51. Rd7 Rxg5 52. Rexd8# 1-0